Canto y guitarra: música criolla tradicional de la provincia de Buenos Aires, República Argentina
Guardat en:
| Autor principal: | |
|---|---|
| Format: | Llibre |
| Idioma: | espanyol anglès francès |
| Publicat: |
Buenos Aires
El Arca
1996
|
| Matèries: | |
| Etiquetes: |
Afegir etiqueta
Sense etiquetes, Sigues el primer a etiquetar aquest registre!
|
MARC
| LEADER | 00000nam a2200000 a 4500 | ||
|---|---|---|---|
| 001 | UCN4500 | ||
| 003 | CL-VaPUC | ||
| 008 | 010803e19960000AG |||||||||||||||||spa|d | ||
| 041 | 0 | 7 | |a spa |2 CL-VaPUC |
| 041 | 0 | 7 | |a eng |2 CL-VaPUC |
| 041 | 0 | 7 | |a fre |2 CL-VaPUC |
| 082 | 0 | 4 | |a 781.63 |b REY |2 21 |
| 100 | 0 | |a Reynoso, Atilio |e author |9 460974 | |
| 245 | 1 | 0 | |a Canto y guitarra: música criolla tradicional de la provincia de Buenos Aires, República Argentina |
| 246 | 1 | 0 | |a Traditional creole music of the province of Buenos Aires, Argentine Republic |
| 246 | 1 | 0 | |a Musique criolla traditionnelle de la province de Buenos Aires, République Argentine |
| 246 | 1 | 0 | |a Atilio Reynoso: canto yy guitarra |
| 246 | 1 | 0 | |a Atilio Reynoso: singing and guitar |
| 246 | 1 | 0 | |a Atilio Reynoso: chant et guitare |
| 300 | |a 185 p | ||
| 942 | |c BK | ||
| 945 | |d 20010803 00:00:00 |a cmena | ||
| 260 | |a Buenos Aires |b El Arca |c 1996 | ||
| 650 | 0 | |a Música folklórica argentina |9 435964 | |
| 650 | 0 | |a Música criolla argentina |9 460975 | |
| 583 | |a last modification |c 20010803 00:00:00 |k Rodrigo Vera | ||
| 999 | |c 296730 |d 296728 | ||
| 952 | |0 0 |1 0 |4 0 |6 781_630000000000000_REY_1996 |7 0 |8 X |9 350829 |a FDOMLP |b FDOMLP |d 2019-11-20 |i 3742563 |o 781.63 REY 1996 |p 3742563 |r 2019-11-20 |w 2019-11-20 |y BK_X |k BU2 | ||